| 000 | 00353nam a2200133Ia 4500 | ||
|---|---|---|---|
| 008 | 240624s9999 xx 000 0 und d | ||
| 041 | _aeng | ||
| 082 | _a620 GOV | ||
| 100 | _aGOVINDARAJAN | ||
| 245 | _aENGINEERING ETHICS INCLUDES HUMAN VALUES | ||
| 260 |
_c2008 _aNew Delhi _bPrentice-Hall of India |
||
| 300 | _a181 : p. : cm. ; 24 | ||
| 365 |
_cRS _b36 |
||
| 999 |
_c10156 _d10156 |
||